Літературознавча енциклопедія (Запис № 363840)

МАРК-запис
000 -Лідер
fixed length control field 00764nam a22002537a 4500
001 - Контрольний номер
control field 77534
003 - Ідентифікатор контрольного номера
control field UA-OsUOA
005 - Дата та час останнього входження (трансакції)
control field 20220127132245.0
007 - Фіксоване поле фізичного опису
fixed length control field ta
008 - Елементи даних фіксованої довжини – загальна інформація
fixed length control field 20110919b un ||||| |||| 00| 0 ukr d
020 ## - Міжнародний стандартний книжковий номер (ISBN)
Міжнародний стандартний книжковий номер (ISBN) (НП) 9789665802327
040 ## - Джерело каталогізації
Агенція оригінальної каталогізації UA-OsUOA
Мова каталогізації ukr
Агенція, яка здійснювала перезапис UA-OsUOA
Агенція, яка здійснювала модифікацію UA-OsUOA
041 ## - Код мови
Код мови тексту/ звукової доріжки чи окремого заголовка (П) ukr
080 ## - Індекс Універсальної десяткової класифікації
Індекс Універсальної десяткової класифікації (УДК) (НП) 82.09(031)
090 ## - Локальний шифр розміщення
Класифікаційний індекс УДК 82.09(031)
Авторський знак (НП) Л67
245 ## - Відомості про назву
Назва (НП) Літературознавча енциклопедія
Решта назви (НП) у двох томах
Дані про відповідальність (НП) Ю. І. Ковалів
260 ## - Публікація, розповсюдження і т.п. (Вихідні дані)
Місце публікації, розповсюдження і т.п. (П) К.
Ім’я/ наймення видавництва, розповсюджувача і т.п. (П) АКАДЕМІЯ
Дата публікації, розповсюдження і т.п. (П) 2007
300 ## - Фізичний опис
Обсяг 624 с.
505 ## - Форматована примітка про зміст
Змішана інформація Т. 2
650 #7 - Додаткове предметне введення – тематичний термін
Тематичний термін чи географічна назва, як елемент введення (НП) 82 Література. Літературознавство
Джерело заголовка чи терміна UDC
942 ## - Додаткові елементи входу (Коха)
Тип елемента Koha Книги
Source of classification or shelving scheme Universal Decimal Classification
955 ## - Код типу видання за змістом
Код типу видання за змістом (НП) Довідкові видання
Фонди
Стан вилучень Стан втрат Джерело класифікації або схеми стелажів Стан уражень Не для кредиту Постійне місце розташування Поточне розміщення Дата придбання Джерело придбання Вартість, звичайна ціна покупки Послідовне перерахування / хронологія Інвентарний номер Повний номер виклику Штрих-код Дата останнього перегляду Ціна ефективна від Тип елемента Koha Усього замовленно Дата останньої перевірки
    Universal Decimal Classification     ЧЗ - Читальна зала ЧЗ - Читальна зала 29/10/2007 181/2007 125.00 Т. 2 108915 82.09(031) Л67 108915 11/02/2022 29/10/2007 Книги    
    Universal Decimal Classification     ЧЗ - Читальна зала ЧЗ - Читальна зала 29/10/2007 181/2007 125.00 Т. 2 108916 82.09(031) Л67 108916 11/02/2022 29/10/2007 Книги    
    Universal Decimal Classification     ЧЗ - Читальна зала ЧЗ - Читальна зала 13/11/2008 152/2008 225.00 Т. 2 116942 82.09(031) Л67 116942 02/12/2021 29/10/2007 Книги 1 10/12/2019
    Universal Decimal Classification     ЧЗ - Читальна зала ЧЗ - Читальна зала 19/09/2011 111/2011 150.00 Т. 2 133930 82.09(031) Л67 133930 11/02/2022 19/09/2011 Книги